Toán cao cấp; T2: Phép tính vi phân các hàm thông dụng Dùng cho các ngành sinh học và nông học

Guardat en:
Dades bibliogràfiques
Autor principal: Guy Leforrt
Format: Llibre
Idioma:Undetermined
Matèries:
Etiquetes: Afegir etiqueta
Sense etiquetes, Sigues el primer a etiquetar aquest registre!
Thư viện lưu trữ: Trung tâm Học liệu Trường Đại học Cần Thơ
LEADER 00473nam a2200145Ia 4500
001 CTU_45645
008 210402s9999 xx 000 0 und d
082 |a 515 
082 |b L494/T2 
100 |a Guy Leforrt 
245 0 |a Toán cao cấp; T2: Phép tính vi phân các hàm thông dụng 
245 0 |b Dùng cho các ngành sinh học và nông học 
245 0 |c Guy Leforrt 
650 |a mathematics 
980 |a Trung tâm Học liệu Trường Đại học Cần Thơ